My foolish heart

An impetuous girl becomes pregnant, then marries her best friend's fiance in order to hide the truth of a previous illicit romance with another man.

Saved in:
நூற்பட்டியல் விவரங்கள்
குழும எழுத்தாளர்: HBO Video (Firm)
மற்ற எழுத்தாளர்கள்: Hayward, Susan, 1917-1975., Andrews, Dana, 1909-1992., Keith, Robert, 1896-1966., Smith, Kent, 1907-1985., Wheeler, Lois., Landis, Jessie Royce, 1904-1972., Perreau, Gigi, 1941-, Goldwyn, Samuel, 1882-1974., Robson, Mark, 1913-1978., Salinger, J. D. 1919-2010.
வடிவம்: நழுவு
மொழி:English
வெளியீடப்பட்டது: [Calif.?] : New York : Samuel Goldwyn Home Entertainment ; HBO Video, [1995].
தொகுதி:Leading ladies.
பகுதிகள்:
குறியீடுகள்: குறிச்சொல் இணை
குறியீடுகள் இல்லை, இந்த குறிச்சொல்லை முதலில் பதிவு செய்யுங்கள்!
LEADER 01927ngm a2200457Ka 4500
001 007911043-6
005 20061002153230.0
008 950303p19951950nyu098 vleng d
020 |a 0783108907 :  |c $14.95 
028 4 1 |a 91175  |b HBO Video 
035 0 |a ocm32079735 
040 |a OWM  |c OWM  |d HLS 
245 0 0 |a My foolish heart  |h [videorecording] /  |c Samuel Goldwyn Company. 
260 |a [Calif.?] :  |b Samuel Goldwyn Home Entertainment ;  |a New York :  |b HBO Video,  |c [1995]. 
300 |a 1 videocassette (98 min.) :  |b sd., b&w ;  |c 1/2 in. 
490 1 |a Leading ladies 
500 |a Videocassette release of the 1950 motion picture. 
500 |a Digitally remastered stereo surround sound. 
500 |a Closed captioned for the hearing impaired. 
500 |a Includes original theatrical trailer. 
500 |a Based on a story in the New Yorker by J.D. Salinger. 
508 |a Screenplay, Julius J. Epstein, Philip G. Epstein ; music, Victor Young ; producer, Samuel Goldwyn ; director, Mark Robson. 
511 1 |a Susan Hayward, Dana Andrews, Robert Keith, Kent Smith, Lois Wheeler, Jessie Royce Landis, Gigi Perreau. 
520 |a An impetuous girl becomes pregnant, then marries her best friend's fiance in order to hide the truth of a previous illicit romance with another man. 
538 |a VHS. 
650 0 |a Video recordings for the hearing impaired. 
655 7 |a Videotapes  |2 local 
700 1 |a Hayward, Susan,  |d 1917-1975. 
700 1 |a Andrews, Dana,  |d 1909-1992. 
700 1 |a Keith, Robert,  |d 1896-1966. 
700 1 |a Smith, Kent,  |d 1907-1985. 
700 1 |a Wheeler, Lois. 
700 1 |a Landis, Jessie Royce,  |d 1904-1972. 
700 1 |a Perreau, Gigi,  |d 1941- 
700 1 |a Goldwyn, Samuel,  |d 1882-1974. 
700 1 |a Robson, Mark,  |d 1913-1978. 
700 1 |a Salinger, J. D.  |q (Jerome David),  |d 1919-2010. 
710 2 |a HBO Video (Firm) 
830 0 |a Leading ladies. 
988 |a 20020608 
906 |0 OCLC